Statistiques concernant Dans quelle ville est situé le siège de ... ?

Cliquez ici pour prendre le quiz!

Statistiques générales

  • Ce quiz a été pris 107 fois
  • Le résultat moyen est 8 sur 20

Statistiques - réponses

siège deVille% Correct
du parlement européénStrasbourg
83%
l'ONU (siège principal)New York
79%
la banque centrale européenneFrancfort-sur-le-main
75%
du CommonwealthLondres
74%
la commission européenneBruxelles
69%
la cour de justice internationaleLa Haye
58%
la FIFAZurich
57%
UnescoParis
53%
InterpolLyon
49%
du FMIWashington
44%
la cour de justice européenneLuxembourg
33%
la ligue ArabeLe Caire
31%
l'Union AfricaineAddis Abeba
25%
l'organisation mondiale du commerceGenève
25%
l'OtanBruxelles
22%
de l'UEFANyon
19%
du MercosurMontevideo
13%
de l'OPEPVienne
11%
conseil mondial de la paixAthènes
2%
EuropolLa haye
2%

Distribution des résultats

Percentile par nombre de réponses

% des personnes avec chaque résultat

Votre développement - résultats

Vous n’avez pas pris ce quiz